| 000 | 00522ntaaa2200193 4500 | ||
|---|---|---|---|
| 003 | 01 | ||
| 005 | 20251027202036.0 | ||
| 008 | 0714s1973 ag 01 | ||
| 040 |
_aAR-BaBN _bspa _cAR-BaBN _eaacr _dRIC |
||
| 082 | _a251.0000 J71 | ||
| 100 |
_aJones, Ilion T _91149 |
||
| 245 | _aPrinciples and practice of preaching | ||
| 250 | _a1 ed. | ||
| 260 |
_aNew York : _bAbingdon Press, _c1956 |
||
| 300 | _a272 p | ||
| 500 | _aA comprehensive study of the art of sermon construction | ||
| 650 |
_ahomilética _91351 |
||
| 942 | _cBK | ||
| 999 |
_c15225 _d15225 |
||